[Event "GRE-chT Online ED & SA 2nd"]
[Site "Tornelo INT"]
[Date "2022.05.14"]
[Round "3"]
[White "Zachos, Leonidas"]
[Black "Apostolakis, Antonios"]
[Result "1-0"]
[WhiteElo "1090"]
[BlackElo "1025"]
[PlyCount "45"]
[EventDate "2022.05.14"]
[EventType "team-swiss (rapid)"]
[EventRounds "7"]
[EventCountry "GRE"]
[SourceTitle "EXT 2024"]
[Source "ChessBase"]
[SourceDate "2023.10.10"]
[SourceVersion "1"]
[SourceVersionDate "2023.10.10"]
[SourceQuality "1"]

1. e4 e6 2. d4 d5 3. Bd3 Nc6 4. exd5 Nxd4 5. Ne2 Qxd5 6. Nxd4 Qxd4 7. Bb5+ Qd7 8. Bxd7+ Bxd7 9. 0-0 0-0-0 10. c4 Bc5 11. Be3 Bxe3 12. fxe3 Nf6 13. Qc2 Bc6 14. Nd2 h5 15. Rad1 Ng4 16. Qc3 h4 17. h3 Nf6 18. Nf3 Ne4 19. Rxd8+ Rxd8 20. Qc2 g5 21. Rd1 Rg8 22. Ne5 Be8 23. Qxe4 1-0

[Event "GRE-chT Online ED & SA 2nd"]
[Site "Tornelo INT"]
[Date "2022.05.14"]
[Round "1"]
[White "Zachos, Leonidas"]
[Black "Neofitidis, Veniamin"]
[Result "0-1"]
[WhiteElo "1090"]
[BlackElo "1701"]
[PlyCount "100"]
[EventDate "2022.05.14"]
[EventType "team-swiss (rapid)"]
[EventRounds "7"]
[EventCountry "GRE"]
[SourceTitle "EXT 2024"]
[Source "ChessBase"]
[SourceDate "2023.10.10"]
[SourceVersion "1"]
[SourceVersionDate "2023.10.10"]
[SourceQuality "1"]

1. e4 e5 2. Nf3 Nf6 3. Nxe5 Nxe4 4. Nc3 Nxc3 5. dxc3 Qe7 6. Qe2 d6 7. Nf3 Be6 8. Bg5 f6 9. Be3 Nc6 10. Qb5 0-0-0 11. Bd3 Bd7 12. Qb3 Ne5 13. Nxe5 fxe5 14. 0-0-0 Bc6 15. f3 g6 16. Kb1 Qd7 17. c4 Ba4 18. Qc3 a6 19. b4 Bg7 20. Be4 Bc6 21. Rhf1 Rhf8 22. g4 Bxe4 23. fxe4 Qxg4 24. Qd3 Qg2 25. h4 Rf6 26. Bg5 Rxf1 27. Rxf1 Rf8 28. Rxf8+ Bxf8 29. Qd5 Qf1+ 30. Kb2 h6 31. Qe6+ Kb8 32. Qe8+ Ka7 33. Be3+ b6 34. Qc6 Qf7 35. a4 d5 36. cxd5 Bxb4 37. Bxh6 Bd6 38. a5 Bc5 39. axb6+ Bxb6 40. Bg5 Qf3 41. Qxg6 Bd4+ 42. Kb1 Qd1+ 43. Bc1 Be3 44. Qg2 Qxc1+ 45. Ka2 Bd4 46. c3 Qxc3 47. h5 Qa1+ 48. Kb3 Qb1+ 49. Ka4 Bc5 50. Qd2 Qb5# 0-1